| 000 | 03912cam a2200733 4500 | ||
|---|---|---|---|
| 999 |
_c371274 _d371274 |
||
| 001 | 88762202X | ||
| 003 | DE-627 | ||
| 005 | 20220104165328.0 | ||
| 007 | tu | ||
| 008 | 170517s2018 gw ||||| 10| ||ger c | ||
| 015 |
_a17,N20 _2dnb |
||
| 016 | 7 |
_a1131583027 _2DE-101 |
|
| 020 |
_a9783412508302 _c : EUR 35.00 (DE), circa EUR 36.00 (AT) |
||
| 020 | _a3412508306 | ||
| 024 | 3 | _a9783412508302 | |
| 035 | _a(DE-627)88762202X | ||
| 035 | _a(DE-576)495367826 | ||
| 035 | _a(DE-599)DNB1131583027 | ||
| 035 | _a(OCoLC)987571918 | ||
| 035 | _a(OCoLC)1032305269 | ||
| 035 | _a(DE-101)1131583027 | ||
| 040 |
_aDE-627 _bger _cDE-627 _erda _dDE-2950 |
||
| 041 | _ager | ||
| 044 |
_cXA-DE-NW _cXA-AT |
||
| 082 | 0 |
_a307.760940902 _qDE-101 |
|
| 082 | 0 | 4 |
_a300 _a330 _a940 _qDE-101 |
| 084 |
_aNR 1800 _qDE-14/sred _2rvk _0(DE-625)rvk/129177: |
||
| 084 |
_aNW 3150 _2rvk _0(DE-625)rvk/132079: |
||
| 084 |
_aNR 1810 _2rvk _0(DE-625)rvk/129178: |
||
| 084 |
_a74.12 _2bkl |
||
| 084 |
_a15.30 _2bkl |
||
| 084 |
_a15.45 _2bkl |
||
| 084 |
_a71.14 _2bkl |
||
| 090 | _aa | ||
| 111 | 2 |
_aInstitut für Vergleichende Städtegeschichte _eFrühjahrskolloquium _n44. _d2015 _cMünster (Westf) _jVerfasserIn _0(DE-588)1157042473 _0(DE-627)1020042567 _0(DE-576)502598603 _4aut |
|
| 245 | 1 | 4 |
_aDie Konsumentenstadt : _bKonsumenten in der Stadt des Mittelalters / _chg. v. Stephan Selzer. |
| 264 | 1 |
_aKöln; _aWeimar; _aWien: _bBöhlau Verlag, _c2018. |
|
| 300 |
_a287 Seiten: _bIllustrationen, Karten, Pläne. _c24 cm x 17 cm |
||
| 336 |
_aText _btxt _2rdacontent |
||
| 337 |
_aohne Hilfsmittel zu benutzen _bn _2rdamedia |
||
| 338 |
_aBand _bnc _2rdacarrier |
||
| 490 | 1 |
_aStädteforschung _aReihe A, Darstellungen; _vBand 98 |
|
| 500 | _a"Die Aufsätze dieses Bandes sind die schriftlichen Fassungen derjenigen Referate, die auf der gleichnamigen Tagung am 16. und 17. März 2015 vorgetragen worden sind." - (Vorwort, Seite 7) | ||
| 520 | _a"Für eine moderne Stadtgeschichtsforschung hat sich die Wiederaneignung von Max Webers Überlegungen zum Typus der okzidentalen Stadt als besonders inspirierend erwiesen. Weniger präsent ist demgegenüber, dass in den Debatten der Zeit um 1900 der ökonomische Aspekt des Stadtbegriffs von ganz erheblicher Bedeutung gewesen ist. Dieser Zusammenhang ist am Werk von Max Weber ablesbar. Deutlicher noch findet er sich bei Werner Sombart ausgestaltet, der gegenüber Produzenten und Fernhändlern den Konsumenten eine zentrale Rolle für Stadtentstehung und Stadtentwicklung zuweist. Der vorliegende Sammelband prüft die Ertragskraft konsumgeschichtlicher Konzepte und bezieht sie auf aktuelle Problemzusammenhänge der mittelalterlichen Stadtgeschichte." (Verlagsinformation) | ||
| 650 | 4 | _aKonsumgeschichte | |
| 650 | 4 | _aHandelsgeschichte | |
| 653 | _aSozialgeschichte 1000 - 1500 | ||
| 655 | 7 |
_aKonferenzschrift _y16.03.2015-17.03.2015 _zMünster (Westf) _0(DE-588)1071861417 _0(DE-627)826484824 _0(DE-576)433375485 _2gnd-content |
|
| 951 | _aBO | ||
| 700 | 1 |
_aSelzer, Stephan _d1968- _eHerausgeberIn _0(DE-588)124248160 _0(DE-627)085735507 _0(DE-576)17600467X _4edt |
|
| 710 | 2 |
_aBöhlau-Verlag _gKöln _eVerlag _0(DE-588)2005806-8 _0(DE-627)101534051 _0(DE-576)191613037 _4pbl |
|
| 776 | 0 | 8 |
_iErscheint auch als _nOnline-Ausgabe _tDie Konsumentenstadt _dKöln : Böhlau Verlag, 2018 _h1 Online-Ressource (288 Seiten) _w(DE-627)1027276385 _z9783412510503 |
| 830 | 0 |
_aStädteforschung / A _vBand 98 _998 _w(DE-627)130159506 _w(DE-576)015701735 _w(DE-600)517592-6 _x2748-4564 |
|
| 856 | 4 | 2 |
_uhttp://www.gbv.de/dms/weimar/toc/88762202X_toc.pdf _mV:DE-601 _mB:DE-Wim2 _qapplication/pdf _yInhaltsverzeichnis _3Inhaltsverzeichnis |
| 856 | 4 | 2 |
_uhttp://d-nb.info/1131583027/04 _mB:DE-101 _qapplication/pdf _3Inhaltsverzeichnis |
| 936 | r | v | _aNR 1800 |
| 936 | r | v | _aNW 3150 |
| 936 | r | v | _aNR 1810 |
| 936 | b | k | _a74.12 |
| 936 | b | k | _a15.30 |
| 936 | b | k | _a15.45 |
| 936 | b | k | _a71.14 |
| 942 |
_2z _cB |
||